How I Met Your Mother-isms Quiz Stats

Quiz Updated Aug 25, 2012

Challenge
Share
Tweet
Embed
Score 0/43 Timer 10:00
1 Play Today
Clue Term % Correct
The unbreakable tome which has defined bro-to-bro conduct for over 200 yearsThe Bro Code
88.7%
A euphemism for smoking marijuanaSandwiches
74.7%
To be confronted with an attorney's analytical intellectLawyered!
74.2%
Lesbian Robin, Mustache Marshall, Stripper Lily, Mexican Wrestler Ted, or Fertility Specialist BarneyDoppelganger
67.5%
An invitation to good times by requesting the donning of appropriate garmentsSuit Up!
65.2%
Barney's collection of schemes utilized to get laidThe Playbook
62.1%
Wager resulting in a red-cheeked mark of dominance over anotherSlap Bet
62%
Easily excitable woman who raises her hand(s) or drink(s) above her head and yells.Woo Girl
61.7%
Hail Mary play where one sheds their clothing and surprises their date with nudity in the hope of receiving sex by means of humor or pityThe Naked Man
61.4%
Seven women, Seven days, No rejectionsPerfect Week
58.9%
Mysterious hybrid creature featuring both mouse and cockroach characteristicsCockamouse
54.2%
Holiday featuring a promise of physical violenceSlapsgiving
54%
The success of a relationship can be determined if one person loves this food while the other does notOlives
50.8%
A night, event, or situation certain to be memorable. We hope you are not lactose intolerant.Legen-Wait for it-Dary
50.5%
One who has chosen a mate knowing they could do better but choosing to go with a lesser catchSettler
47.6%
Rule in which one can back out from an obvious bad date in the first five minutes without repercussionsThe Lemon Law
47.1%
One who has landed a mate out of their leagueReacher
45.6%
Phenomenon where individually flawed women look hot as a groupThe Cheerleader Effect
43.2%
Named for Ted, to intentionally end a relationship by saying 'I Love You' prematurelyThe Mosby
42.9%
The place beyond impossible, where possible and impossible meetThe Possimpible
39.2%
A chart used to safely measure the correlation of a woman's physical beauty and her mental stabilityThe Hot-Crazy Scale
38.7%
A euphemism for using the bathroomReading a Magazine
37.9%
Clue Term % Correct
New York neighborhood downwind from the sewage treatment plantDowisetrepla
37.1%
Derivation of the name 'Barney,' impossibly ludicrous as it is neither close, or even a nameSwarley
37.1%
Cursed individual who will always depart moments before something amazing happensThe Blitz
35.3%
17 dates worth of spectacle compressed into oneSuperdate
35%
A euphemism for noisy bedspringsBagpipes
34.8%
Soft drink with the highest caffeine content legally available over the counterTANTRUM!!
33.2%
A societal rubric outlining scream etiquette: You can only scream beneath you.The Chain of Screaming
31.3%
An Eriksen family tradition: Ice hockey, played with tennis rackets and a basketballBaskiceball
31.3%
True New York citizenship is attained after seeing this celebrity in personWoody Allen
31.2%
Loss of ability or confidence due to nervousnessThe Yips
30.8%
Named for a Lethal Weapon character, it's a list of things that make you say, 'I'm too old for this... stuff'Murtaugh List
30.2%
The theory that a man will eventually want to sleep with any woman after a period of time, no matter how initially repugnantThe Mermaid Theory
29.6%
February 13th, a day when single women drop their standards just for a Valentine's Day romanceDesperation Day
29.4%
The dirtiest joke ever told inquires about the difference between these two objectsPeanut butter and jam
26.9%
'Love thy neighbor, but never ever, ever, ever 'love' thy neighbor'The Platinum Rule
24.1%
Reversion to past behavior in the presence of an old friend once associated with said behaviorRevertigo
23.7%
The distance from one's bedroom one feels comfortable wearing only their underpantsUnderpants Radius
22.4%
Canadian sex act involving maple syrupOld King Clancy
21.9%
Aside from 'I can jump that far,' 'I'm gonna win her back,' and 'I can trust you guys,' it's the most ill-advised, five-word sentence a man can sayWe should buy a bar
21.8%
Common knowledge one should know by adulthood, but somehow never learnedGaps
11%
Somebody with a soft cuddly exterior, but a formidable warrior when the time comesEwoks
10.7%

You're not logged in!

Compare scores with friends on all Sporcle quizzes.
Join for Free
OR
Log In

You Might Also Like...

Show Comments

Extras

Top Quizzes Today


Score Distribution

Your Account Isn't Verified!

In order to create a playlist on Sporcle, you need to verify the email address you used during registration. Go to your Sporcle Settings to finish the process.

Report this User

Report this user for behavior that violates our Community Guidelines.

Details: